[Event "GER-chT North U12"]
[Site "Magdeburg"]
[Date "2014.09.11"]
[Round "1.1"]
[White "Nguyen, Quang Lam"]
[Black "Kister, Tobias"]
[Result "1-0"]
[WhiteElo "1376"]
[BlackElo "1143"]
[PlyCount "61"]
[EventDate "2014.09.11"]
[EventType "team-swiss"]
[EventRounds "7"]
[EventCountry "GER"]
[SourceTitle "EXT 2016"]
[Source "ChessBase"]
[SourceDate "2015.10.08"]
[SourceVersion "1"]
[SourceVersionDate "2015.10.08"]
[SourceQuality "1"]
[WhiteTeam "Magdeburg USC"]
[BlackTeam "Roland Weissenfels"]
[WhiteTeamCountry "GER"]
[BlackTeamCountry "GER"]

1. e4 e5 2. Nf3 Nc6 3. Bc4 Bc5 4. Nc3 d6 5. h3 h6 6. d3 Nd4 7. Be3 c6 8. Bxd4 Bxd4 9. Qd2 Nf6 10. 0-0 d5 11. exd5 cxd5 12. Bb5+ Bd7 13. Bxd7+ Qxd7 14. Nxd4 exd4 15. Rfe1+ Kf8 16. Ne2 Kg8 17. Nxd4 Kh7 18. Qb4 Ne8 19. Re7 Qd8 20. Rxf7 a5 21. Qxb7 Rg8 22. Nf5 Rb8 23. Qa7 Rxb2 24. Re1 Qb8 25. Qd4 a4 26. Ne7 Rb7 27. Qg4 Qd6 28. Qf5+ Kh8 29. Ng6+ Kh7 30. Nf8+ Kh8 31. Qh7# 1-0

[Event "GER-chT North U12"]
[Site "Magdeburg"]
[Date "2013.09.13"]
[Round "4.4"]
[White "Zaharov, Jan"]
[Black "Nguyen, Quang Lam"]
[Result "0-1"]
[WhiteElo "950"]
[BlackElo "1000"]
[PlyCount "100"]
[EventDate "2013.09.12"]
[EventType "team-swiss"]
[EventRounds "7"]
[EventCountry "GER"]
[SourceTitle "EXT 2014"]
[Source "ChessBase"]
[SourceDate "2013.11.20"]
[SourceVersion "1"]
[SourceVersionDate "2013.11.20"]
[SourceQuality "1"]
[WhiteTeam "Bremen West"]
[BlackTeam "Magdeburg USC"]
[WhiteTeamCountry "GER"]
[BlackTeamCountry "GER"]

1. e4 e5 2. Nf3 Nc6 3. d4 exd4 4. Nxd4 Bd6 5. Bc4 Nf6 6. f3 Bc5 7. Nxc6 bxc6 8. Bg5 Bb7 9. e5 Qe7 10. Qe2 Bd4 11. exf6 Qxe2+ 12. Bxe2 gxf6 13. Bf4 Bxb2 14. Bxc7 Bxa1 15. 0-0 Rc8 16. Bf4 Bd4+ 17. Kh1 Bc5 18. Re1 Kd8 19. Bg3 d6 20. Bh4 Bd4 21. c3 Be5 22. f4 Kc7 23. fxe5 fxe5 24. Nd2 Kb8 25. Bg4 Rc7 26. Ne4 Rg8 27. h3 c5 28. Nxd6 Bd5 29. Rxe5 Bxa2 30. Nb5 Rb7 31. Bg3 Ka8 32. Rxc5 a6 33. Nc7+ Ka7 34. Bf2 Kb6 35. Rc4+ Ka5 36. Rc5+ Ka4 37. Bd7+ Kb3 38. Be1 Rd8 39. Bg4 f5 40. Bf3 Rb6 41. Bd5+ Kb2 42. Bxa2 Kxa2 43. Bf2 Rb1+ 44. Bg1 Rdd1 45. Ra5+ Kb3 46. Kh2 Rxg1 47. Nxa6 f4 48. Rb5+ Kxc3 49. Rc5+ Kd4 50. Rf5 Rh1# 0-1

[Event "GER-chT U10"]
[Site "Magdeburg"]
[Date "2012.12.29"]
[Round "7.1"]
[White "Nguyen, Quang Lam"]
[Black "Blinov, Sergey"]
[Result "1-0"]
[WhiteElo "788"]
[BlackElo "761"]
[PlyCount "71"]
[EventDate "2012.12.27"]
[EventType "team-swiss"]
[EventRounds "7"]
[EventCountry "GER"]
[SourceTitle "EXT 2014"]
[Source "ChessBase"]
[SourceDate "2013.11.20"]
[SourceVersion "1"]
[SourceVersionDate "2013.11.20"]
[SourceQuality "1"]
[WhiteTeam "Magdeburg USC II"]
[BlackTeam "Berghofen Hoerde"]
[WhiteTeamCountry "GER"]
[BlackTeamCountry "GER"]

1. e4 e5 2. Nf3 Nc6 3. Bc4 h6 4. Nc3 Nf6 5. d3 Bc5 6. Be3 d6 7. h3 0-0 8. 0-0 Nd7 9. d4 exd4 10. Bxd4 Nb6 11. b3 Nxc4 12. bxc4 Nxd4 13. Nxd4 Qg5 14. Nf3 Qg6 15. Nd5 Bxh3 16. Ne7+ Kh7 17. Nxg6 Kxg6 18. gxh3 Rfe8 19. Qd3 Kh7 20. e5+ Kg8 21. exd6 Bxd6 22. Rab1 Rab8 23. Qd4 Re6 24. Nh4 Rf6 25. Qxa7 c6 26. c5 Bc7 27. Rxb7 Re8 28. Rxc7 Rf4 29. Ng2 Rf3 30. Rxc6 Rxh3 31. Re1 Rd8 32. Rd6 Rc8 33. Qd7 Rxc5 34. Qxh3 Rxc2 35. Qd3 Rxa2 36. Rd8# 1-0

[Event "GER-chT U10"]
[Site "Magdeburg"]
[Date "2012.12.28"]
[Round "4.1"]
[White "Chung, Nicholas"]
[Black "Nguyen, Quang Lam"]
[Result "0-1"]
[WhiteElo "885"]
[BlackElo "788"]
[PlyCount "72"]
[EventDate "2012.12.27"]
[EventType "team-swiss"]
[EventRounds "7"]
[EventCountry "GER"]
[SourceTitle "EXT 2014"]
[Source "ChessBase"]
[SourceDate "2013.11.20"]
[SourceVersion "1"]
[SourceVersionDate "2013.11.20"]
[SourceQuality "1"]
[WhiteTeam "Berlin Schachpinguine II"]
[BlackTeam "Magdeburg USC II"]
[WhiteTeamCountry "GER"]
[BlackTeamCountry "GER"]

1. e4 e5 2. Nf3 Nc6 3. Bc4 Nf6 4. d4 exd4 5. 0-0 Bc5 6. e5 d5 7. exf6 dxc4 8. Re1+ Be6 9. Ng5 Qxf6 10. Qe2 Nd8 11. Qxc4 b6 12. Nxe6 fxe6 13. Qb5+ Kf7 14. Qd7+ Qe7 15. Qb5 Rf8 16. Qd3 Kg8 17. Qe4 Rb8 18. Bf4 Qf7 19. Qe5 Bd6 20. Qxd4 Bxf4 21. g3 Bd6 22. Nc3 Bc5 23. Qd2 Bxf2+ 24. Kg2 Bxe1 25. Rxe1 Nc6 26. Qe2 Rbe8 27. Rf1 Qe7 28. Qc4 Nb4 29. Qb3 Rd8 30. a3 Rd2+ 31. Kg1 Nxc2 32. Rxf8+ Kxf8 33. Ne4 Re2 34. Qd3 Re1+ 35. Kf2 Qf7+ 36. Kg2 Ne3+ 0-1

[Event "GER-chT U10"]
[Site "Magdeburg"]
[Date "2012.12.27"]
[Round "1.1"]
[White "Nguyen, Quang Lam"]
[Black "Schwerdt, Alwin Elias"]
[Result "1-0"]
[WhiteElo "788"]
[BlackElo "955"]
[PlyCount "73"]
[EventDate "2012.12.27"]
[EventType "team-swiss"]
[EventRounds "7"]
[EventCountry "GER"]
[SourceTitle "EXT 2014"]
[Source "ChessBase"]
[SourceDate "2013.11.20"]
[SourceVersion "1"]
[SourceVersionDate "2013.11.20"]
[SourceQuality "1"]
[WhiteTeam "Luebeck"]
[BlackTeam "Magdeburg USC II"]
[WhiteTeamCountry "GER"]
[BlackTeamCountry "GER"]

1. e4 e5 2. Nf3 Nc6 3. Nc3 Bc5 4. Bc4 d6 5. h3 Nf6 6. d3 h6 7. 0-0 0-0 8. Be3 Bxe3 9. fxe3 Be6 10. Bb3 d5 11. exd5 Bxd5 12. Bxd5 Nxd5 13. Nxd5 Qxd5 14. e4 Qd7 15. c3 Rad8 16. Rf2 f5 17. Rd2 Qc8 18. Qe2 Rd7 19. d4 exd4 20. cxd4 Re8 21. e5 Rf8 22. e6 Re7 23. d5 Nd8 24. Re1 b6 25. Nh4 Kh7 26. Qd3 Nb7 27. Nxf5 Rxf5 28. Qxf5+ g6 29. Qf6 Rg7 30. e7 Nd6 31. Rde2 Ne8 32. Qe6 Qxe6 33. Rxe6 h5 34. Rf1 Kh6 35. Rf8 Nf6 36. e8Q Nxe8 37. Rexe8 1-0